000 00825cab a2200265 4500
001 ABS59515
008 090401t1998 xxu||||| |||| 00| 0 eng d
035 _a(Sirsi) u89100
041 _aeng
100 _aBell, G.
245 _aClimate change: an issue for town and country planners?
260 _c1998
350 _a0
490 _aTown & Country Planning
_v67(9) October 1998, 273(1)
520 _aQuestions whether planners should develop more expertise in the effects of climate change to apply long-term strategic thinking and partnership facilitation.
650 _aCLIMATE CHANGE
650 _aFLOODING
650 _aOZONE LEVELS
650 _aPLANNING ISSUES
650 _aSEA LEVELS
650 _aSTRATEGIC PLANNING
690 _aPLANNING LAW AND PRACTICE
942 _n0
948 _c20/10/1998
999 _c56333
_d56333